Scholen in gemeente Bloemendaal - Statistieken

Algemene statistieken
  • Deze quiz is 5 keer genomen
  • De gemiddelde score is 13 van 19
Antwoordstatistieken
Hint Antwoord % Correct
Overveen Aloysiusschool
100%
Bloemendaal Bloemendaalse Schoolvereniging
100%
Bloemendaal Bos en Duinschool
100%
Vogelenzang De Paradijsvogel
100%
Bloemendaal Josephschool
100%
Overveen Julianaschool
100%
Overveen Koningin Wilhelminaschool
100%
Aerdenhout Schoolvereniging Aerdenhout-Bentveld
100%
Aerdenhout Tyo H. van Eeghenschool
100%
Bloemendaal De Hartenlust
67%
Aerdenhout Vondelschool
67%
Aerdenhout Antoniusschool
33%
Bloemendaal Bornwaterschool
33%
Bennebroek De Franciscus
33%
Overveen Kennemer Lyceum
33%
Aerdenhout Montessori College Aerdenhout
33%
Bennebroek Sparrenbosschool
33%
Bloemendaal St. Theresiaschool
33%
Bennebroek Willinkschool
33%
Geen overeenkomende quizzen gevonden
Scoreverdeling
Procent van Mensen met Elke Score
Percentiel versus Aantal Correcte Antwoorden
Uw Scoregeschiedenis
U heeft deze quiz nog niet genomen